Регионална библиотека "Любен Каравелов" - Русе

Ансамблови пиеси за духови инструменти от български композитори (Запис номер 349536)

MARC детайли
000 -Лидер
Контролно поле с фиксирана дължина ncm a22 a 4500
003 - Код на организацията, давaща контролен номер
Контролно поле BLK
005 - Дата и час на последна редакция
Контролно поле 20200427155226.0
008 - Елементи от данни с фиксирана дължина
fixed length control field 200325b bu ||||| |||| 00| 0 bu d
040 ## - Източник на каталожния запис
Идентификатор на билиотеката - собственик на записа BLK
041 ## - Код за език
Код за езика на текст/звукозапис или на отделно заглавие Български
Код за езика КДБФ Български
080 ## - УДК
Текстов определител УДК Музика за духови инструменти
УДК код - определител по УДК 788
УДК - код + определител 788
139 ## - Редно поле
Редна дума Ансамблови пиеси за духови инструменти от български композитори
Авторски знак Анс - А 73
245 ## - Сведения за заглавието
Заглавие Ансамблови пиеси за духови инструменти от български композитори
Подзаглавни данни Нотирана музика
Редно поле (дума) състав. и ред. на соловите партии Костадин Чилев
260 ## - Област на издателските данни
9 (RLIN) 209548
Място на издаване, разпространение и проч. София
Име на издателя, разпространителя и проч. Наука и изкуство
Година на издаване 1989
300 ## - Физическа характеристика
Страници 1 партитура (64 с.)
Размери/Мащаб 34 см
Съпровождащи материали 3 партии
380 ## - Жанр
Жанр Изкуство
700 ## - Други автори (авторска отговорност)
9 (RLIN) 1529
Лично име Чилев, Костадин Димитров
Автороска отговорност (Описва отношението между автора и произведението) състав. и ред.
852 ## - Местоположение
Форматна сигнатура Цб М ІІ 6350
Систематично-азбучна сигнатура 788/А 73
999 ## - СИСТЕМНИ КОНТРОЛНИ НОМЕРА
Koha biblionumber 349536
Koha biblioitemnumber 349536
942 ## - АРТИКУЛИ
Вид на библиотечния материал Нотни издания
Скрит в OPAC Не
Периодичен библиозапис Да
944 ## - СЪЗДАВАНЕ И РЕДАКЦИЯ на ЗАПИСА
Създаване/Редакция Създаване
Дата на регистрацията/редакция 2020-03-25
Статус, дата на статуса 2020-03-25
999 ## - СИСТЕМНИ КОНТРОЛНИ НОМЕРА
Koha biblioitemnumber 349536
999 ## - СИСТЕМНИ КОНТРОЛНИ НОМЕРА
Koha biblioitemnumber 349536
999 ## - СИСТЕМНИ КОНТРОЛНИ НОМЕРА
Koha biblioitemnumber 349536
999 ## - СИСТЕМНИ КОНТРОЛНИ НОМЕРА
Koha biblioitemnumber 349531
999 ## - СИСТЕМНИ КОНТРОЛНИ НОМЕРА
Koha biblioitemnumber 349530
999 ## - СИСТЕМНИ КОНТРОЛНИ НОМЕРА
Koha biblioitemnumber 349529
Наличности
Код за отписване Код за изгубен артикул Източник на класификационната схема Код за повреда Коз за рестрикции Код за отдаване Артикулен № Име на библиотеката - собственик Име на библиотеката, в която се намира в момента Статус (Текущо местоположение) Дата на вписване в системата Местоположение - отдел Цена в лева Инвентарен номер Систематично азбучна сигнатура Баркод Цена в евро Служебен тип на артикула
  Не е изгубен Universal Decimal Classification Не е повреден без рестрикции заемане за дома 756765 Регионална библиотека "Любен Каравелов" Русе Регионална библиотека "Любен Каравелов" Русе Отдел Изкуство - подръчен фонд 2020-03-26 Отдел Изкуство - подръчен фонд 0.00 854/89 788/А 73 900000002387 0.00 Нотни издания
  Не е изгубен Universal Decimal Classification Не е повреден без рестрикции заемане за дома 756766 Регионална библиотека "Любен Каравелов" Русе Регионална библиотека "Любен Каравелов" Русе Отдел Изкуство - подръчен фонд 2020-03-26 Отдел Изкуство - подръчен фонд 0.00 853/89 788/А 73 900000002388 0.00 Нотни издания
  Не е изгубен Universal Decimal Classification Не е повреден само за читалня ползва се в читалня 769154 Регионална библиотека "Любен Каравелов" Русе Регионална библиотека "Любен Каравелов" Русе Хранилище 2020-05-12 Хранилище 5.93 871 Цб М ІІ 6350 900000007658 3.03 Нотни издания
Vip Innovations Ltd, Rousse, Bulgaria 2025